000 002450000a22000970004500
100 1 _aPowell, David R.
245 1 0 _aíYo soy el zapatero!
300 _aVol. 53, Núm 238 (1998), Páginas 9-11
773 0 _tLa Biblia de las Américas
942 _cANA
999 _c51508
_d51508